Los abonos (Record no. 108266)

MARC details
000 -LEADER
campo de control de longitud fija 00745nam a2200229 i 4500
001 - NÚMERO DE CONTROL
campo de control 108266
003 - IDENTIFICADOR DE NÚMERO DE CONTROL
campo de control ES-MaACL
005 - FECHA Y HORA DE LA ÚLTIMA TRANSACCIÓN
campo de control 20230906184619.0
007 - CAMPO FIJO DE DESCRIPCIÓN FÍSICA--INFORMACIÓN GENERAL
campo de control de longitud fija t|
008 - DATOS DE LONGITUD FIJA--INFORMACIÓN GENERAL
campo de control de longitud fija 061121s1951 sp r ||||1| spa d
100 1# - ENTRADA PRINCIPAL--NOMBRE DE PERSONA
Nombre de persona Montemar, A.
9 (RLIN) 82450
245 14 - MENCIÓN DEL TÍTULO
Título Los abonos
Resto del título : ( cómo se fertilizan los campos y se utilizan los residuos agrícolas) /
Mención de responsabilidad, etc. A. Montemar.
250 ## - MENCION DE EDICION
Mención de edición 2.ª ed.
260 ## - PUBLICACIÓN, DISTRIBUCIÓN, ETC.
Lugar de publicación, distribución, etc. Madrid :
Nombre del editor, distribuidor, etc. Ediciones Ibéricas,
Fecha de publicación, distribución, etc. [1951?]
300 ## - DESCRIPCIÓN FÍSICA
Extensión 72 p. ;
Dimensiones 19 cm.
490 1# - MENCIÓN DE SERIE
Mención de serie Pequeña enciclopedia práctica ;
Designación de volumen o secuencia 90
650 #4 - PUNTO DE ACCESO ADICIONAL DE MATERIA--TÉRMINO DE MATERIA
Término de materia o nombre geográfico como elemento de entrada Fertilizantes.
9 (RLIN) 136105
650 #4 - PUNTO DE ACCESO ADICIONAL DE MATERIA--TÉRMINO DE MATERIA
Término de materia o nombre geográfico como elemento de entrada Residuos (Fertilizante)
9 (RLIN) 161232
830 0# - PUNTO DE ACCESO ADICIONAL DE SERIE-TÍTULO UNIFORME
Título uniforme Pequeña enciclopedia práctica ;
Designación de volumen o secuencia 90
9 (RLIN) 182473
852 ## - LOCALIZACIÓN
Ubicación ES-MaACL
Número de control de estantería D-7940
Sublocalización o colección R.32133
Holdings
Estatus retirado Estado de pérdida Estado de daño No para préstamo Biblioteca de origen Biblioteca actual Ubicación en estantería Fecha de adquisición Fuente de adquisición Total de préstamos Signatura topográfica completa Código de barras Visto por última vez Precio de reemplazo Tipo de ítem Koha
        Biblioteca del Ateneo de Madrid Biblioteca del Ateneo de Madrid Sala Valle Inclán 17/01/2008     D-7940 901112972 23/02/2023 23/02/2023 Libro impreso